Histoire et royauté commençant par la lettre H - Statistiques

Statistiques générales
  • Ce quiz a été pris 48 fois
  • Le résultat moyen est 9 sur 20
Statistiques - réponses
Indice Réponse % Correct
Empereur du Japon pendant la Seconde Guerre mondiale. Hirohito
79%
Bataille permettant l'ascension au trône anglais de Guillaume le Conquérant, en 1066. Hastings
77%
Personne destinée à succéder directement au souverain en cas de décès ou d’abdication. Héritier
77%
Dynastie ayant régné sur plusieurs royaumes, dont l'Autriche et l'Espagne, connue pour ses mariages consanguins. Habsbourg
74%
Fondateur de l’Eglise anglicane, connu pour avoir décapité 2 de ces 6 femmes. Henri VIII
69%
Empereur connu pour avoir consolidé l'Empire romain, notamment par la construction de son mur. Hadrien
64%
Symbole de la royauté française, particulièrement utilisée dans les armoiries des ducs de Bretagne. Hermine
64%
Ville en Allemagne, ancien duché, avec des monarques ayant régné sur l’Angleterre. Hanovre
46%
Roi actuel de Norvège, un nom porté par plusieurs rois norvégiens. Harald
44%
Roi du Maroc ayant survécu au coup d'État des aviateurs en 1972. Hassan II
44%
Étude des armoiries, symboles associés à la royauté et à la noblesse. Héraldique
44%
Protestants français persécutés lors des guerres de religion, dont le massacre de la Saint-Barthélémy sous Charles IX. Huguenots
38%
Ordre strict où chaque membre de la famille royale occupe une place définie. Hiérarchie
36%
La dernière reine de ce royaume était Liliʻuokalani, avant son abdication en 1894. Hawaii
28%
Cette "maladie royale" a été transmise à plusieurs familles royales européennes par la reine Victoria. Hémophilie
26%
Nom de plusieurs rois de Jordanie, dont l'héritier au trône. Hussein
21%
Palais impérial à Vienne, résidence de ces derniers. Hofburg
15%
Dynastie princière en Allemagne, dont de nombreux membres ont porté le titre de prince. Hohenzollern
15%
Dernier roi d'Italie, ayant abdiqué en 1946 après référendum. Humbert II
10%
Emir actuel d’Oman, l'une des deux dernières monarchies absolues au monde. Haïtham ben Tariq
0%
Aucun quiz correspondant
Distribution des résultats
% des personnes avec chaque résultat
Percentile par nombre de réponses
Votre historique - résultats
Vous n’avez pas pris ce quiz